Visualizzazione normale
Vista MARC
- Bruschi Barbara, Parola Alberto
di Personal Name
Records bibliografici associati: 1
001 - CONTROL NUMBER
- control field: 59810
003 - CONTROL NUMBER IDENTIFIER
- control field:
005 - DATE AND TIME OF LATEST TRANSACTION
- control field: 20230327110229.0
008 - FIXED-LENGTH DATA ELEMENTS
- fixed length control field: 230327|| aca||aabn | a|a d
040 ## - CATALOGING SOURCE
- Original cataloging agency:
- Transcribing agency:
100 ## - HEADING--PERSONAL NAME
- Personal name: Bruschi Barbara, Parola Alberto
670 ## - SOURCE DATA FOUND
- Source citation: Work cat.: ()209953: Bruschi Barbara, Parola Alberto, Figli dei media, 2005